[Event "Biel GM 51st"]
[Site "Biel"]
[Date "2018.07.27"]
[Round "6"]
[White "Svidler, Peter"]
[Black "Vachier Lagrave, Maxime"]
[Result "0-1"]
[WhiteElo "2753"]
[BlackElo "2779"]
[Annotator "Roiz,M"]
[PlyCount "62"]
[EventDate "2018.07.22"]
[EventType "tourn"]
[EventRounds "10"]
[EventCountry "SUI"]
[EventCategory "20"]
[SourceTitle "CBM 186"]
[Source "ChessBase"]
[SourceDate "2018.09.14"]
[SourceVersion "1"]
[SourceVersionDate "2018.09.14"]
[SourceQuality "1"]

1. c4 c5 2. Nf3 Nf6 3. Nc3 d5 4. cxd5 Nxd5 5. e4 Nb4 6. Bc4 Nd3+ 7. Ke2 Nf4+ ({
Another common continuation is} 7... Nxc1+ 8. Rxc1 {For instance, after} a6 9.
d4 b5 10. Bd5 Ra7 11. Ne5 $1 e6 12. Bc6+ Ke7 13. Qd2 f6 14. Nd5+ exd5 15. Rxc5
dxe4 16. Rhc1 {Jakovenko,D - Sutovsky,E Poikovsky 2016, White had a dangerous
initiative for the piece, but eventually lost.}) 8. Kf1 Ne6 (8... Nd3 {has
been employed by Peter as Black:} 9. Qe2 Nxc1 10. Rxc1 e6 11. h4 Nc6 (11... a6
12. e5 Nc6 13. Rh3 b5 14. Bd3 Bb7 {Aronian,L -So,W London 2016, led to very
complex, double-edged play}) 12. e5 Bd7 13. Rh3 Qb6 14. Bb5 h6 15. Kg1 a6 16.
Ba4 O-O-O {Erdos,V - Svidler,P Germany 2017, Black was fine.}) 9. d3 Nc6 ({
It was well worth considering} 9... g6 $5 {, avoiding the unpleasant pin along
a4-e8 diagonal. For instance,} 10. h4 h6 11. Be3 Bg7 12. Bxe6 Bxe6 13. Bxc5 Nc6
14. Be3 Bg4 15. Qd2 Qd7 {L'Ami,E - Salem,A Douglas 2016, Black had decent
compensation for the pawn.}) 10. h4 g6 $6 $146 {This innovation was hardly a
part of Maxime's home preparation. In fact, Black's position is just poor now.}
(10... Ned4 {is what Peter faced 4 years ago, and managed to claim superiority
for White:} 11. Nb5 Nxb5 ({A better try was} 11... e6 12. Nbxd4 cxd4 {Zhigalko,
A - Baron,T Vandoeuvre 2016, though even then White's chances are preferable.})
12. Bxb5 Qb6 13. Ba4 Bd7 14. Be3 e6 15. b4 $36 {Svidler,P - Nepomniachtchi,I
Kazan 2014}) ({The best way of handling the position might be} 10... h5 $5 {
this was seen only in one of Peter's encounter. In that game Black managed to
solve the problems after} 11. Ng5 g6 12. Nxe6 Bxe6 13. Bxe6 fxe6 14. Ne2 Qd6
15. Bf4 e5 16. Bg5 Bh6 $15 {Jakovenko,D - Svidler,P Rhodes 2013}) 11. h5 Bg7
12. Be3 Ned4 13. h6 $6 {This impulsive decision makes Black's play much easier,
since his king can be hidden on the kingside now.} ({Much stronger would be} 
13. Rc1 $1 {keeping Black under serious pressure} Be6 ({The worst is} 13... b6
$2 14. Bxd4 Nxd4 (14... Bxd4 15. Bd5 $18) 15. h6 Bf6 16. e5 $18) (13... O-O 14.
hxg6 hxg6 15. Qd2 $36) 14. Bd5 Rc8 15. Bxd4 Nxd4 16. Bxb7 Rc7 17. Bd5 $16 {
Black doesn't have adequate compensation for the pawn.}) 13... Bf6 14. Nd5 {
This was certainly the point of Peter's previous move, but exchanging the
dark-squared bishops isn't a big achievement for White here.} Bg4 15. Nxf6+
exf6 16. Bxd4 {This is also connected with a concrete idea.} ({After} 16. Bd5
O-O 17. Bxc6 Nxc6 18. Bxc5 Re8 {Black's compensation for the pawn is
undenieble.}) 16... Nxd4 17. Qa4+ {This way White manages to avoid the pin of
his Nf3.} Qd7 $6 {Maxime returns the favour - White, who suffers from a lack
of harmony would benefit from exchanging the queens.} ({Black wouldn't face
any problems in the event of} 17... Ke7 18. Qa3 Rc8 19. Nxd4 Qxd4 20. Qxa7 Qxb2
21. Re1 Rhd8 $11) 18. Qxd7+ Bxd7 19. Nxd4 cxd4 20. e5 $6 {Another step in the
wrong direction.} ({After} 20. Ke2 Ke7 21. Rhc1 Rhc8 22. Bd5 {White would have
maintained slight advantage due to better pawn structure.}) 20... fxe5 21. Re1
f6 22. f4 Rf8 ({After} 22... Ke7 23. fxe5 b5 24. Bd5 Rac8 25. exf6+ Kxf6 26.
Kf2 Rc2+ 27. Kf3 {White should be able to maintain the balance.}) 23. Kg1 Ke7
24. fxe5 f5 {Black's pieces are still better coordinated, so Maxime avoids
simplifications.} 25. Rh4 f4 26. Re4 $2 {A loss of time.} ({The correct move
was} 26. Bd5 Rac8 27. Bxb7 Rc2 28. Rf1 g5 29. Rh5 Rg8 30. Be4 $11 {and the
game should end in a draw.}) 26... g5 27. Rh5 $2 {Alas, Peter fails to offer
resistance and loses on the spot.} ({After} 27. Rh1 Rf5 28. Rxd4 Bc6 (28...
Rxe5 29. Rd5 $17) 29. b4 Rxe5 30. b5 Bxb5 31. Bxb5 Rxb5 32. Kf2 $17 {White
would still have some drawing chances.}) 27... Rf5 28. g4 {Desperation.} (28.
Rxd4 {also offered no hope:} Rxe5 29. Rd5 Rxd5 30. Bxd5 Kf6 31. Bxb7 Rb8 32.
Be4 Bf5 $19) 28... fxg3 29. Rg4 Raf8 30. Rhxg5 Rf1+ 31. Kg2 Bc6+ ({White
resigns in view of} 31... Bc6+ 32. Kxg3 Rg1+ 33. Kh4 Rh1+ 34. Kg3 Rf3+ 35. Kg2
Rxd3+ 36. Kf2 Rd2+ 37. Kg3 Rg2+ 38. Kf4 Rf2+ 39. Kg3 Rf3+ 40. Kg2 Rb3+ 41. Kf2
Rxb2+ {and checkmate to follow soon.}) 0-1

[Event "London Classic 7th"]
[Site "London"]
[Date "2015.12.11"]
[Round "7"]
[White "Aronian, Levon"]
[Black "Topalov, Veselin"]
[Result "1-0"]
[WhiteElo "2781"]
[BlackElo "2803"]
[Annotator "Sagar Shah"]
[PlyCount "53"]
[EventDate "2015.12.04"]
[EventType "tourn"]
[EventRounds "9"]
[EventCountry "ENG"]
[EventCategory "22"]
[SourceTitle "CBM 170"]
[Source "ChessBase"]
[SourceDate "2016.01.15"]
[SourceVersion "1"]
[SourceVersionDate "2016.01.15"]
[SourceQuality "1"]

1. c4 c5 2. Nf3 Nf6 3. Nc3 d5 4. cxd5 Nxd5 5. e4 {Every now and then Levon
plays these free flowing lines from the white side of the English and scores
some beautiful victories.} Nb4 (5... Nxc3 6. dxc3 {is much more popular as the
endgame arising after} (6. bxc3 g6 7. d4 Bg7 {takes us back to a position
which has been played well over 10,000 times.}) 6... Qxd1+ 7. Kxd1 Nc6 8. Be3
e6 9. Kc2 $14 {leads to a highly comfortable queenless middlegame for White.})
6. Bc4 $5 Nd3+ 7. Ke2 (7. Bxd3 Qxd3 {gives Black a perfectly fine position.})
7... Nf4+ (7... Nxc1+ 8. Rxc1 Nc6 9. Bb5 Bd7 10. d4 cxd4 11. Bxc6 Bxc6 12. Nxd4
$14) 8. Kf1 Ne6 {[%cal Gg8f6,Gf6d5,Gd5b4,Gb4d3,Gd3f4,Gf4e6] What has Black
achieved by making six knight moves out of the eight played so far? First of
all White has lost the right to 0-0 and secondly the d4 square is weak.
Meanwhile Black is behind in development, and a player like Aronian doesn't
have to be asked twice to play aggressively.} (8... Be6 9. Bb5+ Bd7 10. d4 cxd4
11. Nxd4 $14) 9. b4 $1 {By far the most popular move and already played in
more than 120 games. Levon sacrifices a pawn in order to get a strong centre.}
(9. Ne5 {is the other move.}) 9... cxb4 10. Nd5 (10. Ne2 {is the other move
here. Play could continue something like this} Nc5 $1 (10... Nc7 11. d4 e6 12.
h4 $5 Be7 13. Bf4 $14) 11. Qc2 e6 12. d4 Ncd7 13. Bb2 {With a complex position.
}) 10... g6 11. d4 (11. Bb2 Bg7 12. Bxg7 Nxg7 13. d4 O-O {Black has a fine
position.}) 11... Bg7 12. Be3 Nc6 13. Rc1 Bd7 (13... O-O 14. h4 $1 {White's
position looks quite harmonious, however this had to be the best way for Black
to play. In the game he delays 0-0 but is unable to come up with anything
constructive.} h5 $1 15. g3 $1 $13 {[%cal Gf1g2]}) 14. Qd2 Qa5 15. h4 $1 {
White makes full use of the rook being on h1.} Rc8 (15... h5 16. g3 {Black
cannot really do much due to White's strong centre. Meanwhile White can
improve his position with Kg2, Rc2, Rb1 etc.}) (15... b3 $5 16. Qxa5 Nxa5 17.
axb3 Rc8 18. Ra1 Nxc4 19. bxc4 Rxc4 20. Rxa7 $14) 16. Bb3 (16. h5 b3 $1 17.
Qxa5 Nxa5 18. axb3 b5 $1 $132) 16... Qb5+ 17. Kg1 h6 18. Kh2 {Through
artificial means Levon has been able to get his king to safety. Meanwhile the
black king cannot castle as the h6 pawn is hanging.} g5 19. Rhd1 Kf8 20. Kg1 {
The king moved from e1-f1-g1-h2 and castled artificially. It really doesn't
seem like White made so many moves with his king as Black too wasn't able to
do anything concrete.} Rd8 (20... g4 21. Ne5 $1 Nxe5 22. Rxc8+ Bxc8 23. dxe5
$16) 21. hxg5 hxg5 22. Bxg5 Nxg5 $2 (22... Be8 {was relatively better but here
too White has a pleasant edge after} 23. Bc4 (23. Rxc6 Nxg5 $11) 23... Qa5 24.
Be3 $16) (22... Nexd4 $2 23. Nxd4 Bxd4 24. Rxc6 $1 Bxc6 25. Qxd4 $18) 23. Qxg5
{Rxc6 followed by Qxe7 is a strong threat. Black must do something about it.}
Bh6 24. Qh4 $1 Bg7 25. Qf4 {Ng5 is threatened with all the pieces joining in
the attack and the threat of Qc7 is also quite huge.} Bh6 26. Ng5 (26. Qh2 Bg7
27. Qc7 $18) 26... Bxg5 (26... f6 27. Nxf6 Qxg5 28. Nh7+ $18) 27. Qxg5 {
The resignation may seem premature but it is not.} (27. Qxg5 Be6 (27... f6 28.
Qf4 {[%cal Ge4e5]}) 28. Rxc6 Qxc6 (28... Bxd5 29. Rc5 $18) 29. Qxe7+ Kg7 30.
Qg5+ Kf8 (30... Kh7 31. Nf6#) 31. Qxd8+ $18) 1-0

[Event "Tata Steel-B 77th"]
[Site "Wijk aan Zee"]
[Date "2015.01.10"]
[Round "1"]
[White "Navara, David"]
[Black "L'Ami, Erwin"]
[Result "1/2-1/2"]
[WhiteElo "2729"]
[BlackElo "2613"]
[Annotator "Sagar Shah"]
[PlyCount "97"]
[EventDate "2015.01.10"]
[EventType "tourn"]
[EventRounds "13"]
[EventCountry "NED"]
[EventCategory "13"]
[SourceTitle "CBM 165"]
[Source "ChessBase"]
[SourceDate "2015.03.11"]
[SourceVersion "1"]
[SourceVersionDate "2015.03.11"]
[SourceQuality "1"]

1. c4 c5 2. Nf3 Nf6 3. Nc3 Nc6 4. g3 d5 5. d4 cxd4 6. Nxd4 dxc4 7. Nxc6 Qxd1+
8. Nxd1 bxc6 9. Bg2 Nd5 10. Ne3 e6 11. Nxc4 Ba6 {This position that the
players have reached via the symmetrical English Opening was quite popular. In
fact it is one of Kramnik;s favourite line. He has had quite some success with
White because it is a kind of technical position that he excels in. There are
two moves in this position b3 and Na5. Kramnik has used both of them. In one
of his encounters he played the move Na5 and guess who was his opponent? David
Navara, the man who is white in this game!} 12. Na5 (12. b3 Bb4+ 13. Bd2 Bxd2+
14. Nxd2 Nb4 15. Kd1 O-O-O 16. a3 Nd5 17. Rc1 Kb7 18. Ke1 $1 {Was the famous
game between Kramnik and Leko in Miskolc rapid match in 2007.}) 12... Rc8 13.
Bd2 Be7 14. Rc1 c5 15. b3 (15. O-O {it is now possible to pick up the e2 pawn}
Bxe2 $1 $11) 15... O-O 16. O-O Rfd8 (16... Bxe2 $2 17. Rfe1 Bb5 18. Bxd5 $18 {
loses a piece.}) 17. Bf3 Bf6 $1 {This is the novelty introduced by Karjakin
against Radjabov in October 2014 which seems to solve all of Black's problems
in this line. It was also tried by Gelfand against Radjabov in November and
that game also ended in a draw. It is interesting to see whether David Navara
had any new ideas prepared in this line.} 18. Rfd1 (18. Rc2 {was played by
Radjabov against Karjakin when the latter solved all his opening problems with}
Nb4 $1 $11) 18... Bb2 19. Rc2 Ba3 20. Nc4 (20. Kg2 {Improving the position and
also making Nb4 not possible. But this doesn't really seem to be an
improvement as Black can just centralise his king.} Kf8 (20... Nb4 $2 21. Bxb4
$1 Bxb4 (21... Rxd1 22. Bxa3 $18) (21... cxb4 22. Rxd8+ Rxd8 23. Rc7 $16) 22.
Rxd8+ Rxd8 23. Nc6 Rd6 24. a3 $1 Bxa3 25. Ra2 $18) 21. h4 {just improving the
position.} (21. Nc4 Bxc4 22. bxc4 Nb4 (22... Nb6 23. Rb1 $16) 23. Rc3 Bb2 24.
Rb3 Bf6 25. e3 Nxa2 26. Ra3 Nb4 27. Rxa7 {is an academic advantage to white
just like in the game.}) 21... Ke7 {Black seems to be doing just fine.}) 20...
Bxc4 21. bxc4 (21. Rxc4 Nb6 22. Rc2 Bb4 23. e4 Bxd2 24. Rcxd2 Rxd2 25. Rxd2 c4
26. bxc4 Nxc4 $11 {This should not be enough for an advantage for White.})
21... Nb4 22. Rc3 Bb2 23. Rb3 Bf6 24. e3 Nxa2 25. Ra3 Nb4 26. Rxa7 g6 {Black
has equalised. White's double bishops do not mean much.} 27. Rb7 Rb8 28. Rb5
Be7 29. Rxb8 Rxb8 30. Bc3 f6 31. Ra1 Kf7 32. Ra7 Rd8 33. Kf1 Rd3 34. Ra3 Rd7
35. Ke2 f5 36. Ra5 Bf6 37. Bd2 Nd3 38. Bc6 Rd6 39. Ra7+ Kf8 40. Rd7 Rxc6 41.
Kxd3 Be7 42. Ra7 e5 43. Ba5 e4+ 44. Ke2 Rd6 45. Rb7 Ra6 46. Rb5 h5 47. h4 Kf7
48. Bb6 Ra4 49. Bxc5 1/2-1/2

[Event "FIDE World Cup"]
[Site "Tbilisi"]
[Date "2017.09.14"]
[Round "4.6"]
[White "Grischuk, Alexander"]
[Black "Vachier Lagrave, Maxime"]
[Result "1/2-1/2"]
[WhiteElo "2783"]
[BlackElo "2789"]
[Annotator "Sagar Shah"]
[PlyCount "187"]
[EventDate "2017.09.03"]
[EventType "k.o."]
[EventRounds "7"]
[EventCountry "GEO"]
[SourceTitle "CBM 181"]
[Source "ChessBase"]
[SourceDate "2017.11.10"]
[SourceVersion "1"]
[SourceVersionDate "2017.11.10"]
[SourceQuality "1"]

1. Nf3 c5 2. c4 Nc6 3. Nc3 e5 4. d3 Nge7 5. g3 d5 6. cxd5 Nxd5 7. Bg2 Nc7 8.
O-O Be7 9. Nd2 O-O 10. Bxc6 $1 {This is the right choice when you are in a
must win scenario. You must imbalance the play.} bxc6 11. Qa4 Rb8 12. Nc4 Rb4
13. Qa5 f6 14. b3 Bh3 15. Re1 Qb8 16. Ba3 Rb5 $5 {MVL thought that this was
the right way to go because in return for the loss of exchange he gets the
initiative and the white queen looks a bit funny on a5.} 17. Nxb5 cxb5 18. Ne3
Qb7 19. f3 b4 $5 20. Bb2 Na6 {The threat is ...Bd8 followed by ...Bd7 trapping
the queen.} 21. g4 $1 {Grischuk prevents the bishop from coming out.} h5 22. a3
$5 (22. a4 $1 $16) 22... Bd8 23. Qa4 hxg4 24. axb4 Nxb4 25. Qxa7 Qxa7 26. Rxa7
gxf3 27. Kf2 fxe2 28. Kxe2 {White has an exchange for a pawn, but the pawns
are weak and it is not so easy to make progress.} Be6 29. Bc3 Bxb3 30. Rb1 Bf7
31. Bxb4 cxb4 32. Rxb4 f5 33. Rb8 e4 34. Raa8 exd3+ 35. Kxd3 Be7 36. Nxf5 $1
Bg6 37. Rxf8+ Bxf8 38. Ke4 Kf7 39. Ke5 Bxf5 40. Kxf5 {White is now winning and
it clearly feels so, but MVL is a tricky guy!} g6+ 41. Kg5 Bc5 42. Kh6 Be3+ 43.
Kh7 g5 44. Kh6 (44. h3 {After the game Grischuk said that he should have
played this. While this move wins, what happened in the game was also winning,
albeit with more efforts.} Bf4 (44... Kf6 $2 45. Rf8+ Ke7 46. Rf1 $18) 45. Ra6
Be3 46. Ra3 Bf4 47. Rf3 Kf6 (47... Ke6 48. Kg6 Ke5 49. Kh5 Kf5 50. Rf1 Ke5 51.
Kg4 Bd2 52. Rd1 Bf4 53. h4 $18) 48. Kh6 Kf5 49. Kh5 Ke4 50. Kg4 Bc1 51. Rf5 Bd2
52. Rxg5 $18) 44... Bf4 45. Ra2 (45. h3 $2 g4+ $11) 45... g4+ 46. Kh5 g3 47. h3
Be3 {At this point it seemed to us that the game might end in a draw. The
bishop sits on f2 and someone has to all the time baby sit the g2-square. But
there is still a way to win.} 48. Kg4 Bf2 49. Kf3 Kg6 50. Ra5 Kh6 51. Rb5 {
Grischuk makes some moves now that make no sense. He is just gaining time, and
soon hits on the right plan.} Kg6 52. Rd5 Kh6 53. Re5 Kg6 54. Rb5 Kh6 55. Rb4
Kg5 56. Rg4+ Kh6 {The first step is achieved, the rook on g4 is well placed.
The white king can now advance.} 57. Ke4 Be1 58. Kf5 Bf2 59. Rg6+ Kh7 (59...
Kh5 60. Rg7 Kh6 61. Rg8 Be1 (61... Kh7 62. Rg6 $18 {is a zugzwang.}) 62. Rh8+
Kg7 63. Re8 Bf2 64. Re6 $18 {wins as in the main line.}) 60. Kf6 (60. Rg4 Kh6
61. Rg8 Kh7 62. Rg6 Kh8 63. Rg4) 60... Bd4+ 61. Kf7 Bf2 62. Kf6 Bd4+ 63. Kf5
Bf2 64. h4 $2 {The move that throws away the win. White had to get this same
position with Black to play and then he would have been able to make
substantial progress.} (64. Rg4 $1 Kh6 (64... Be1 65. Kg5 Bf2 66. Kh5 Be1 67.
Re4 Bf2 68. Re7+ Kg8 69. Kg6 $18) 65. Rg8 $1 Kh7 66. Rg6 {After this White
gets his king to h5.} Be1 (66... Kh8 67. Rg4 $1 {Kg5-h5 is unstoppable.}) 67.
Kg5 Bf2 68. Kh5 Kh8 (68... Be1 69. h4 Bf2 70. Rg4 Be1 (70... Kh8 71. Kg6 $18)
71. Re4 Bf2 72. Re7+ Kg8 73. Kg6 Kf8 74. Re2 $18) 69. h4 Kh7 70. Rg4 Be1 71.
Re4 Bf2 72. Re7+ Kg8 73. Kg6 Kf8 74. Re2 $1 $18 {The final accurate move that
seals the win.}) 64... Be1 65. h5 (65. Kg5 g2 66. Kh5 Bxh4 $1 $11 {is the
critical line showing why the position is now drawn.}) 65... Bf2 66. Kf4 Be1
67. Kf3 Bf2 68. Ke2 Kh8 69. Kf3 Kh7 70. Kf4 Be1 71. Kg4 Bf2 72. Kf5 Be1 73. Kf4
Bf2 74. Ke5 Be1 75. Kf6 Bf2 76. Kf5 Be1 77. Kg5 Bf2 78. Kf5 Be1 79. Ke4 Bf2 80.
Kf3 {Grischuk tries very hard, but there is just no win!} Be1 81. Re6 Bf2 82.
h6 $1 {The final attempt and it seemed as if White can win now as 82...Kh8 is
met with 83.Re7. But MVL was very alert.} Bc5 $1 (82... Kg8 83. Re7 $18) 83.
Kxg3 Bf8 84. Kg4 Bxh6 85. Kf5 Bd2 {White is just a tempo short of winning this
rook vs bishop endgame.} 86. Kf6 (86. Rg6 Bc3 $1 $11) 86... Kh6 87. Rc6 Kh5 88.
Kf5 Kh4 89. Rc2 Be3 90. Re2 Bb6 91. Re6 Bc7 92. Rc6 Bb8 93. Rc3 Bg3 94. Rxg3 {
A great game filled with some high quality chess and a lot of things to learn
from.} 1/2-1/2